000 00954 a2200229 4500
008 080820t xxu||||| |||| 00| 0 eng d
010 _aENG-84893
020 _a8177589296
_c650.00
035 _aEN-68426
037 _bD.B.Act / Pub
082 _a350
100 _aPrasad, Kamala.
245 _aIndian administration
_bpolitics, policies, and prospects
_cKamala Prasad.
260 _aDelhi
_bPearson Longman,
_c2006.
270 _a482, F.I.E., Patparganj
_bDelhi
_cDelhi
_e110092
300 _axviii, 406 p.
_c24 cm.
500 _aIncludes bibliographical references and index
650 _aPublic administration
_zIndia.
942 _adpl
_cEN
_k350 / PRA
_2ddc
_h350
_mPRA
999 _c666
_d666